000
002650000a22000970004500
100
1
_a
Tamez, Elsa
245
1
0
_a
Leer la Biblia como mujer latinoamericana
300
_a
Vol. 6, Num 2 (Julio-Diciembre, 1986), Páginas 5-11
773
0
_t
Vida y pensamiento
942
_c
ANA
999
_c
52766
_d
52766